Kein Abschied von der Moderne : Architekten und ihre Visionen /

Guardado en:
Detalles Bibliográficos
Autor principal: Meyhöfer, Dirk (Autor)
Formato: Libro
Lenguaje:alemán
Publicado: Hamburg : Junius Verlag GmbH, 2000
Edición:1. vydanie
Materias:
Etiquetas: Agregar Etiqueta
Sin Etiquetas, Sea el primero en etiquetar este registro!

MARC

LEADER 00000nam a22000003a 4500
001 0064888
003 SK-STU
005 20190326115220.2
007 ta
008 180507s ----xo-----e------000-0-----d
020 |a 3-88506-293-3 
040 |a STU  |b slo 
041 0 |a ger 
044 |a gw 
100 1 |a Meyhöfer, Dirk  |4 aut 
245 1 0 |a Kein Abschied von der Moderne :  |b Architekten und ihre Visionen /  |c aut. Dirk Meyhöfer 
250 |a 1. vydanie 
260 |a Hamburg :  |b Junius Verlag GmbH,  |c 2000 
300 |a 121 s. 
650 0 7 |a moderna 
650 0 7 |a architektúra 
650 0 7 |a architekti európski 
650 0 7 |a Behnisch, Günter 
650 0 7 |a Hollein, Hans 
650 0 7 |a Maas, Winy 
650 0 7 |a Eisenman, Peter 
650 0 7 |a Herzog, Jacques 
650 0 7 |a Ingendhoven, Jacques 
650 0 7 |a Léon, Hilde 
650 0 7 |a teória architektúry 
650 0 7 |a architektúra 20. storočia 
996 |b 284AU07397  |c A* 10646/U  |l AAKNST  |s P  |a 0  |w 0064888_0001